000 00558nam a2200193 i 4500
001 64960
003 ES-MaACL
005 20250731061526.0
007 t|
008 040107s1969 sp ||||1| spa d
100 1 _aFowles, John.
_952017
245 1 3 _aEl mago /
_cpor John Fowles ; [traducción de Jesús Pardo].
250 _a[1ª ed.].
260 _aBarcelona :
_bPlaza & Janés,
_c[1969]
300 _a622 p. ;
_c20 cm.
700 1 _aPardo, Jesús,
_d1927-2020
_9138804
852 _aES-MaACL
_jC-37028
_bR.70401
999 _c64960
_d64960